Thiết kế công trình hầm giao thông

Sách gồm 2 phần: Phần 1 thiết kế hầm đường sắt và hầm đường ôtô, phần 2 một số nguyên tắc thiết kế hệ thống xe điện ngầm nhằm đáp ứng một phần về giáo trình đào tạo các ngành cầu, hầm giao thông, công trình mỏ, xây dựng thuỷ...

全面介绍

Đã lưu trong:
书目详细资料
主要作者: Nguyễn, Thế Phùng
格式: 图书
语言:Undetermined
出版: Hà Nội Giao thông vận tải 1998
主题:
标签: 添加标签
没有标签, 成为第一个标记此记录!
Thư viện lưu trữ: Trung tâm Học liệu Trường Đại học Cần Thơ
LEADER 01212nam a2200217Ia 4500
001 CTU_148161
008 210402s9999 xx 000 0 und d
020 |c 27800 
082 |a 624.19 
082 |b Ph513 
100 |a Nguyễn, Thế Phùng 
245 0 |a Thiết kế công trình hầm giao thông 
245 0 |c Nguyễn Thế Phùng, Nguyễn Quốc Hùng 
260 |a Hà Nội 
260 |b Giao thông vận tải 
260 |c 1998 
520 |a Sách gồm 2 phần: Phần 1 thiết kế hầm đường sắt và hầm đường ôtô, phần 2 một số nguyên tắc thiết kế hệ thống xe điện ngầm nhằm đáp ứng một phần về giáo trình đào tạo các ngành cầu, hầm giao thông, công trình mỏ, xây dựng thuỷ lợi...và cũng là tài liệu tham khảo cho các kỹ sư thiết kế, thi công trong các lĩnh vực có liên quan. 
650 |a Underground construction,Đường giao thông 
650 |x Underground engineering 
904 |i Trọng Hải 
980 |a Trung tâm Học liệu Trường Đại học Cần Thơ